000
00266nam a22001097a 4500
008
170125b xxu||||| |||| 00| 0 eng d
020
_a
9780721651699
041
_a
eng
080
_a
618.2
245
_a
THE PHYSICIAN ASSISTANT MEDICAL HANDBOOK
_c
LABUS
942
_2
udc
_c
BK
999
_c
3561
_d
3561